Six of Crows - Statistics

General Stats
  • This quiz has been taken 1,551 times
  • The average score is 43 of 93
Answer Stats
? % Correct
Always wears gloves and carries a cane Kaz Brekker
99%
Has a gambling problem Jesper Fahey
96%
Loves waffles Nina Zenik
96%
Plays the flute Wylan Van Eck
96%
Very stealthy Inej Ghafa
95%
Who wrote the Six of Crows duology Leigh Bardugo
94%
The Fjerdan Matthias Helvar
94%
^his eye color^ Blue
93%
^her eye color^ Green
87%
The aboves father Jan Van Eck
86%
The last chapter in Crooked Kingdom Pekka
86%
The aboves brother Jordie Rietveld
84%
The aboves Grisha type Heartrender
83%
Who they found instead Kuwei Yul-Bo
76%
What was it replaced with A crow
75%
What toy was Pekkas son holding before Inej got there A lion
75%
The first character in the book Joost
75%
Plant that was dried and chewed and used as a stimulant Jurda
75%
What are Inej's knives named after Saints
75%
Kaz has two tattoos. One on his forearm> The Dregs crow and cup
75%
The aboves fathers name Colm Fahey
72%
Where is Nina from Ravka
72%
The drug that enhances Grisha's powers but is also very lethal Jurda Parem
71%
Leader of the Dime Lions Pekka Rollins
70%
Their way of saying "good luck" No mourners, no funerals
68%
The holy soldiers from Fjerda who hunt Grisha Druskelle
67%
Very gifted tailor grisha with red hair and only one eye Genya Safin
67%
Where they found Matthias Hellgate
67%
One of the most powerful Grisha in all of Ravka Zoya Nazyalensky
66%
Runs the Menagerie Tante Heleen
63%
Who they were going to find at the Ice Court Bo Yul-Bayur
62%
Wylan's stepmother Alys Van Eck
58%
Leader of the dregs Per Haskell
58%
The god of Fjerda Djel
57%
Jespers fathers occupation Jurda Farmer
56%
The most corrupted area of Ketterdam The Barrel
55%
What Matthias calls Kaz Demjin
52%
The aboves Grisha type Inferni
52%
The garment worn by Grisha in the Ravkan Second Army Kefta
52%
What Jesper calls his father Da
51%
The commander of the above Jarl Brum
50%
How much kruge did Van Eck offer for getting the chemist from the Ice Court 30,000,000 kruge
47%
Betrayed Kaz at the beginning of the book Big Bolliger
46%
What did Van Eck threaten to do to Inej to get her to tell him where Kaz's safehouses were Break her legs
46%
What did Kaz say he did to Pekkas son Buried him
46%
The disease that killed Kaz's brother Firepox
46%
What did Kaz steal from Van Eck in exchange for Inej His wife
41%
Where Jesper is from Novyi Zem
41%
Lost his eye Oomen
41%
What is the name of Inej's ship The Wraith
37%
Member of the Dregs on the Ice Court job that runs the boat Specht (or Rotty)
33%
> The Kaelish Prince
33%
Assassin sent by Pekka to match Inej Dunyasha Lazareva
32%
^his alias^ Jakob Hertzoon
31%
^his son^ Alby
30%
The god the people of Kerch worship Ghezen
30%
Wylan's mother Marya Hendriks
30%
What three places does Pekka run in Ketterdam> The Emerald Palace
30%
The reason Kaz has a limp He jumped off a roof and broke his leg
28%
What is Saint Hilde An asylum
27%
^What does it mean^ Blessed
27%
Who took Matthias's place when they broke him out of "jail" Muzzen
27%
The first chapter of Crooked Kingdom Retvenko
27%
The capital of Fjerda Djerholm
26%
Where did Inej put the slash on Pekkas chest Directly above his heart
25%
^The event held in the above where a prisoner would spin a wheel and have to fight a creature The Hellshow
25%
What word did Jespers mother use instead of Grisha Zowa
25%
And one on his bicep> An "R"
24%
The boat they used to get to the Ice Court Ferolind
23%
Nina and Matthias made a deal with each other to do what Kill Bo Yul-Bayur
23%
Matthias's wolf companion Trassel
23%
What did Inej say she didn't work with A net
22%
Jesper's mothers name Aditi Hilli
21%
What did Wylan use to get into Van Ecks safe Auric Acid
21%
The aboves alias The White Blade
21%
> The Sweet Shop
20%
Jespers middle name Llewellyn
19%
What does "babink" mean Barbarian
18%
Lawyer is Ketterdam who represents Van Eck Cornelis Smeet
18%
Who Pekka hired to stop Kaz from going to the Ice Court The Black Tips
18%
Where was thier hideout in Crooked Kingdom A tomb
17%
Matthias's line after "Mother, Father, pay the rent" "I can't my dear the money's spent"
17%
And> The Razor Gulls
16%
The meaning of the above in Fjerdan Troublemaker
16%
The Suli way of saying "I'm sorry" This action will have no echo
13%
The day new Druskelle are initiated Hringkalla
12%
The organization Nina used to work for in Ketterdam The House of the White Rose
12%
How much was Kaz wanted for 100,000 kruge
11%
How much was Jesper wanted for 30,000 kruge
11%
The group of Tidemakers who are in control of the water surrounding Ketterdam Council of the Tides
11%
Finish the sentence: Suffering is like anything else. Live with it long enough,_____________________. you learn to like the taste
10%
The vow of the druskelle to Fjerda that Matthias made to Nina I have been made to protect you. Only in death will I be kept from this oath
6%
How did Jespers dad discover Jesper was a Grisha Jesper bleached a cuss word into the pasture
1%
No matching quizzes found
Score Distribution
Percent of People with Each Score
Percentile by Number Answered
Your Score History
You have not taken this quiz